| 000 | 00824nam a2200241 a 4500 | ||
|---|---|---|---|
| 005 | 20240924071344.0 | ||
| 008 | 991125s1998 es 000 0 spa u | ||
| 020 | _a8487767885 | ||
| 035 | _aUPN01000001209 | ||
| 049 | _aCG | ||
| 050 | 4 |
_aLB1707 _bT4.3 |
|
| 100 | 1 | _aTejada Fernández, José | |
| 245 | 1 | 4 |
_aLos agentes de la innovación en los centros educativos : _bprofesores, directivos y asesores / _cJosé Tejada Fernández. |
| 260 |
_aMadrid : _bAljibe, _c1998. |
||
| 300 | _a231 p. | ||
| 440 | 0 | _aPersona, escuela y sociedad | |
| 590 | _a(También localizas un ejemplar en el "Area de Reserva") | ||
| 590 | _aBibliografía Básica (BGTQ) | ||
| 650 | 4 |
_aInnovaciones educativas _9386 |
|
| 650 | 4 |
_aEscuelas _xDirección y organización _9346 |
|
| 650 | 4 |
_aMaestros _xFormación profesional _9804 |
|
| 905 | _aLibro | ||
| 999 |
_c1209 _d1209 |
||